| 000 | 01270nam0a2200361 4500 | ||
|---|---|---|---|
| 001 | RU\NLR\BIBL_A\011347301 | ||
| 005 | 20240921231337.0 | ||
| 010 |
_a9785699891412 _94000 |
||
| 021 |
_aRU _b2017-10341 _9765 |
||
| 035 | _a(RuMoRGB)008796710 | ||
| 035 | _a(NLR Aleph) 011347301 | ||
| 090 |
_a11225263 _c11225263 |
||
| 100 | _a20170316d2017 u y0rusy50 ca | ||
| 101 | 0 | _arus | |
| 102 | _aRU | ||
| 105 | _aa|||zzzz001zy | ||
| 200 | 1 |
_aЛюбимые пироги _f[автор-составитель Е. Афанасова] |
|
| 210 |
_aМосква _cЭ _d2017 |
||
| 215 |
_a79 с. _cцв. ил. _d28 |
||
| 225 | 1 |
_aКулинария _iТы классная хозяйка! |
|
| 225 | 1 | _aВдохновляйся нашими рецептами | |
| 320 | _aУказ.: с. 78-79 | ||
| 333 | _a16+ | ||
| 606 |
_aПищевые производства -- Общественное питание. Кулинария -- Мучные блюда -- Рецепты _2rubbk |
||
| 606 | 1 |
_aПироги _xРецептура _92077217 _3RU\NLR\AUTH\661252792 |
|
| 675 | _a641.852(083.12) | ||
| 686 |
_aЛ992.2я27 _2rubbk |
||
| 686 | 1 | _aЛ869 | |
| 702 | 1 |
_aАфанасова _bЕ. _4220 |
|
| 942 | _cBOOK | ||
| 980 | _aNBR | ||